Tan Sri Fatimah : potret seorang pemimpin /

Bibliographic Details
Main Author: Nik Safiah Karim
Other Authors: Rokiah Talib
Format: Book
Published: Selangor: Pelanduk Publications, 2003.
Subjects:
LEADER 00688cam a2200217 7i4500
001 0000017101
005 20151104090000.0
005 ##20151104120600.0
003 ##MY-KlINT
020 # # |a 9679788474  
039 # 9 |y 201511041206  |z VLOAD 
090 0 0 |a 923.2595   |b NIK 
100 1 # |a Nik Safiah Karim 
245 1 0 |a Tan Sri Fatimah :   |b potret seorang pemimpin /   |c oleh Nik Safiah Karim dan Rokiah Talib. 
260 # # |a Selangor:   |b Pelanduk Publications,   |c 2003. 
300 # # |a 189p.:   |b ill.;   |c 24cm. 
500 # # |a Includes index 
650 # 0 |a Politicians --   |x Biography --   |z Malaysia  
650 # 0 |a Fatimah binti Haji Hashim,Tan Sri  
650 # 0 |a Ministers --   |x Biography --   |z Malaysia  
700 0 # |a Rokiah Talib